00598 2200205 4500001002100000005001500021035002000036245010100056100002400157250001100181260003800192300004000230020001800270084001600288082001000304650001100314008004100325990001300366990001300379INLIS00000000000891220230614112909 a0010-01230004531 aI love you :bUngkapan-Ungkapan Terdahsyat tentang Cinta dan Persahabatan /cWilda Ayu Mandasari aWilda Ayu Mandasari aCet. 1 ayogyakarta :bIstana Media,c2021 aviii, 416 halaman :bilus ;c19 cm. a9786020862071 a808.3 WIL i a808.3 4aSastra230614 g 0 ind  a022.1701 a022.1702